00828 2200205 4500001002100000005001500021035002000036008004100056245003600097100001500133250000600148260003800154300001200192084001400204082000800218650001000226520036200236990001200598990001200610INLIS00000000000132720240520104429 a0010-0524000562240520 1 ind 1 aUbur - Ubur Kabur /cDeviana A. aDeviana A. a1 aYogyakarta :bSheila/ Andi,c2010 a186 hlm a813 DEV u a813 4aFiksi aCinta, bagi Aurelia Aurita atau Aurel, adalah sesuatu yang membingungkan. Cinta pertama yang dia curahkan buat orang yang dia sayangi tak bahagia. Karena itulah, Aurel memutuskan tidak jatuh cinta lagi dengan pria mana pun. Dia juga memasang sederet criteria untuk calon pendamping hidupnya kelak. Tujuannya, dia tak terjatuh lagi dalam kehidupan asmaranya. a0741496 a0741497